00337nam a22001217a 450000500170000000800410001708200140005810000160007224500540008826000500014230000150019265000080020720210316162112.0210316b ||||| |||| 00| 0 eng d a346.066,p aAIYAR, A.N. aCOMPANY CASES THE CORPORATE LAW WEEKLY [VOL- 137] aCHENNAIbCOMPANY LAW INSTITUTE OF INDIAc2007 ai-xl;976,p aLAW